Agroturismo en Chile: caracterización y perspectivas

Uloženo v:
Podrobná bibliografie
Korporace: Fundación para la Innovación Agraria (Autor), FIA (Autor), Universidad Austral de Chile (Autor)
Médium: Kniha
Jazyk:španělština
Vydáno: Santiago Fundación para la Innovación Agraria 2008
Témata:
Tagy: Přidat tag
Žádné tagy, Buďte první, kdo vytvoří štítek k tomuto záznamu!

MARC

LEADER 00000nam a2200000 a 4500
001 UCH0870
003 CL-VaPUC
008 090402e20080000CL |||||||||||||||||spa|d
020 |a 9789567874859 
082 0 4 |a 338.4791  |b FUN  |2 21 
110 2 |a Fundación para la Innovación Agraria  |e author  |9 535219 
710 2 |a FIA  |e author  |9 535220 
710 2 |a Universidad Austral de Chile  |e author  |9 535221 
245 1 0 |a Agroturismo en Chile: caracterización y perspectivas 
300 |a 238 p 
942 |c BK 
945 |d 20090402 00:00:00  |a rbrito 
260 |a Santiago  |b Fundación para la Innovación Agraria  |c 2008 
650 0 |a Agroturismo  |9 467788 
650 0 |a Turismo  |9 308920 
650 0 |a Turismo rural  |9 465355 
650 0 |a Desarrollo turístico   |9 525699 
650 0 |a Ecoturismo  |9 427332 
583 |a last modification  |c 20140403 06:23:43  |k Rodrigo Vera 
999 |c 333066  |d 333064 
952 |0 0  |1 0  |4 0  |6 338_479100000000000_FUN_2008  |7 0  |8 A  |9 421206  |a BIBAGR  |b BIBAGR  |d 2019-11-22  |i 4530721  |o 338.4791 FUN 2008  |p 4530721  |r 2025-01-20  |w 2019-11-22  |y BK  |k AGR 
952 |0 0  |1 0  |4 0  |6 338_479100000000000_FUN_2008  |7 0  |8 X  |9 421207  |a BIBING  |b BIBING  |d 2019-11-22  |i 4551303  |o 338.4791 FUN 2008  |p 4551303  |r 2025-01-20  |w 2019-11-22  |y BK_X  |k GEO 
952 |0 0  |1 0  |4 0  |6 338_479100000000000_FUN_2008  |7 0  |8 A  |9 421208  |a BIBAGR  |b BIBAGR  |d 2019-11-22  |i 4635795  |o 338.4791 FUN 2008  |p 4635795  |r 2025-01-20  |w 2019-11-22  |y BK  |k AGR 
952 |0 0  |1 0  |4 0  |6 338_479100000000000_FUN_2008  |7 0  |8 A  |9 421209  |a BIBAGR  |b BIBAGR  |d 2019-11-22  |i 4635809  |o 338.4791 FUN 2008  |p 4635809  |r 2025-01-20  |w 2019-11-22  |y BK  |k AGR